Microcomputer : problem solving using pascal /

Guardado en:
Autor Principal: Bowles, Kenneth L., 1929-
Formato: Libro
Idioma:English
Publicado: New York : Springer-Verlag, c1977.
Materias:
Etiquetas: Agregar Etiqueta
Sin Etiquetas, Sea el primero en etiquetar este registro!
LEADER 00796cam a2200229 a 4500
001 EIQ.libpla000058
008 770808s1977####nyua##########001#0#eng#d
005 20060505191035.0
245 1 0 |a Microcomputer :  |b problem solving using pascal /  |c Kenneth L. Bowles. 
260 |a New York :  |b Springer-Verlag,  |c c1977. 
300 |a 563 p. :  |b il. ;  |c 24 cm. 
500 |a Incluye índice. 
020 |a 0387902864 
100 1 |a Bowles, Kenneth L.,  |d 1929- 
082 0 0 |a 001.6/424 
650 4 |a Pascal (Lenguaje programación de computadores)  |x Teoría. 
650 4 |a Microcomputadores  |x Programación. 
650 4 |a Pascal (Computer program language)  |x Theory. 
650 0 |a Microcomputers  |x Programming. 
010 |a  77011959  
040 |a DLC  |c DLC  |d AR-BbSID 
859 |a AR-BbSID  |b BIB. PLAPIQUI  |h 001.6424  |i B 68  |p 33